Prvé čítanie pre malých školákov

Bibliographic Details
Main Author: Štrompová, Alena (Author)
Format: Article
Language:Slovak
PhysicalDescription:Obr.
ISSN:0139-5769
Subjects:

MARC

LEADER 00000nab a2200000 a 4500
001 vtls010107900
003 SK-MaSNL
005 20260303223336.0
008 140302c2010 xo er|p||| |000 b|slo
015 |a SNBRB2010/06 
038 |a SPK 
040 |a SPKCL  |b slo  |c AACR2  |e AACR2 
041 0 |a slo 
044 |a xo  |c SK 
072 7 |a 373.2/.3  |x Predškolská a primárna výchova a vzdelávanie  |2 konspekt 
072 7 |a 37  |x Výchova a vzdelávanie  |2 konspekt 
080 |a 373.32  |2 2001 
080 |a 372.41  |2 2001 
100 1 |a Štrompová, Alena  |4 aut  |9 589002 
245 1 0 |a Prvé čítanie pre malých školákov  |c Alena Štrompová 
300 |b Obr. 
650 0 7 |a základné školy  |2 snkbucl  |9 1280 
650 0 7 |a ročník 1.  |2 snkbucl  |9 836011 
650 0 7 |a počiatočné čítanie  |2 snkbucl  |9 71365 
655 7 |a recenzie  |2 snkbucl  |9 21907 
773 0 |t Učiteľské noviny  |g Roč. LVIII., 20.-21. týždeň (2010), s. 10  |x 0139-5769 
787 0 8 |i Rec.:  |t Prvé čítanie : pre malých školákov  |d Bratislava : Matys, 2010 
852 |a SPK  |b KIS3GCP 
958 |a RC  |2 snkbucl 
999 |c 2247321  |d 2249251